Which Console Is It Exclusive To? - Statistics

General Stats
  • This quiz has been taken 18 times
  • The average score is 8 of 20
Answer Stats
Hint Answer % Correct
Splatoon 3 Nintendo Switch
87%
Sea Of Thieves Xbox One
73%
LittleBigPlanet PlayStation 3
67%
Halo 2 Xbox
67%
The Legend of Zelda: Ocarina of Time Nintendo 64
60%
Pokémon Diamond Nintendo DS
60%
Tetris 99 Nintendo Switch
53%
Mario Kart 7 Nintendo 3DS
47%
Dreams PlayStation 4
47%
The Last Guardian PlayStation 4
47%
Viva Piñata Xbox 360
47%
Pokémon Snap Nintendo 64
27%
Conker: Live & Reloaded Xbox
27%
ToeJam & Earl III: Mission to Earth Xbox
27%
Rare Replay Xbox One
27%
Ratchet & Clank: Rift Apart PlayStation 5
20%
My Singing Monsters PlayStation Vita
20%
Crash Boom Bang Nintendo DS
13%
Super Monkey Ball: Banana Splitz PlayStation Vita
13%
Ooblets Xbox One
7%
No matching quizzes found
Score Distribution
Percent of People with Each Score
Percentile by Number Answered
Your Score History
You have not taken this quiz